Física : (Record no. 5395)
[ view plain ]
| 000 -LEADER | |
|---|---|
| campo de control de longitud fija | 02447nam a22003617a 4500 |
| 003 - IDENTIFICADOR DE NÚMERO DE CONTROL | |
| campo de control | BO-EaUP |
| 005 - FECHA Y HORA DE LA ÚLTIMA TRANSACCIÓN | |
| campo de control | 20251121095508.0 |
| 008 - DATOS DE LONGITUD FIJA--INFORMACIÓN GENERAL | |
| campo de control de longitud fija | 251121t2012 bo ||||| |||| 00| 0 spa d |
| 020 ## - NÚMERO INTERNACIONAL ESTÁNDAR DEL LIBRO | |
| Número Internacional Estándar del Libro | 978-99954-41-40-1 |
| 040 ## - FUENTE DE CATALOGACIÓN | |
| Centro catalogador/agencia de origen | Biblioteca IPE |
| Lengua de catalogación | spa |
| Centro/agencia transcriptor | Biblioteca Ingeniería en producción empresarial |
| Normas de descripción | RDA |
| 041 ## - CÓDIGO DE IDIOMA | |
| Código de lengua del texto/banda sonora o título independiente | spa |
| Código de lengua original | spa |
| 043 ## - CÓDIGO DE ÁREA GEOGRÁFICA | |
| Código de área geográfica | s-bo |
| 082 ## - NÚMERO DE LA CLASIFICACIÓN DECIMAL DEWEY | |
| Número de edición | 21 |
| Número de clasificación | 530 |
| 092 ## - ASIGNACIÓN LOCAL DE SIGNATURA TOPOGRÁFICA DEWEY (OCLC) | |
| Número de clasificación | 530 |
| Signatura Librística | C512f |
| 100 ## - ENTRADA PRINCIPAL--NOMBRE DE PERSONA | |
| Nombre de persona | Chávez Ajata, Ruth Norah |
| Término indicativo de función/relación | Autora |
| 9 (RLIN) | 6092 |
| 245 ## - MENCIÓN DEL TÍTULO | |
| Título | Física : |
| Subtítulo | Teoría, Problemas y laboratorio / |
| Mención de responsabilidad, etc. | Ruth Norah Chávez Ajata |
| 250 ## - MENCION DE EDICION | |
| Mención de edición | 2ª edición |
| 260 ## - PUBLICACIÓN, DISTRIBUCIÓN, ETC. | |
| Lugar de publicación, distribución, etc. | Oruro - Bolivia ; |
| Nombre del editor, distribuidor, etc. | Latinas Editores , |
| Fecha de publicación, distribución, etc. | 2012 |
| 300 ## - DESCRIPCIÓN FÍSICA | |
| Extensión | 431 páginas ; |
| Otras características físicas | Ilustraciones, figuras ; tapa blanda |
| Dimensiones | 26 x 18 centímetros |
| 336 ## - TIPO DE CONTENIDO | |
| Fuente | rdacontent |
| Término de tipo de contenido | texto |
| Código de tipo de contenido | txt |
| 337 ## - TIPO DE MEDIO | |
| Fuente | rdamedia |
| Nombre/término del tipo de medio | no mediado |
| Código del tipo de medio | n |
| 338 ## - TIPO DE SOPORTE | |
| Nombre/término del tipo de soporte | volumen |
| Código del tipo de soporte | nc |
| 505 ## - NOTA DE CONTENIDO CON FORMATO | |
| Nota de contenido con formato | Capítulo 1. Introducción a la física - Capítulo 2. Magnitudes físicas - Capítulo 3. Análisis dimensional - Capítulo 4. Vectores - Capítulo 5. Cinemática de una partícula - Capítulo 6. Movimiento rectilíneo uniforme (MRU) - Capítulo 7. Movimiento rectilíneo uniforme variado (MRUV) - Capítulo 8. Caída libre - Movimiento vertical - Capítulo 9. Movimiento en plano - Capítulo 10. Movimiento circular - Capítulo 11. Fuerza y leyes de newton - Capítulo 12. Efectos de la fuerza sobre los cuerpos - Capítulo 13. Trabajo potencia y energía - Capítulo 14. Impulso y cantidad de movimiento / Laboratorios. |
| 520 ## - RESUMEN, ETC. | |
| Sumario, etc. | El presente texto es una realización cuyo objetivo es servir de apoyo a estudiantes y maestros de Tercero de Secundaria. Su elaboración se ha basado en la obra de numerosos autores cuya relación se da a conocer al final de texto. La secuencia de contenidos está basada en la propuesta de la asociación de profesores de ciencias naturales de nuestro medio. Cada contenido tiene sus propios matices, que en resumen buscan el aprendizaje de las diferentes leyes físicas a través de la realización de diferentes problemas, del juego y razonamiento. Se pretende, aunque de manera superficial, introducir al estudiante al mundo de la física vectorial que se imparte en nuestras universidades. |
| 521 ## - NOTA DE PÚBLICO DESTINATARIO | |
| Nota de público destinatario | Destinada a estudiantes de la materia de física |
| 546 ## - NOTA DE IDIOMA | |
| Nota de lengua/lenguaje | Español |
| 653 ## - TÉRMINO DE INDIZACIÓN--NO CONTROLADO | |
| Término no controlado | FÍSICA |
| 653 ## - TÉRMINO DE INDIZACIÓN--NO CONTROLADO | |
| Término no controlado | LABORATORIO |
| 653 ## - TÉRMINO DE INDIZACIÓN--NO CONTROLADO | |
| Término no controlado | LEYES FÍSICAS |
| 653 ## - TÉRMINO DE INDIZACIÓN--NO CONTROLADO | |
| Término no controlado | FÍSICA VECTORIAL |
| 653 ## - TÉRMINO DE INDIZACIÓN--NO CONTROLADO | |
| Término no controlado | JUEGO Y RAZONAMIENTO |
| 942 ## - ELEMENTOS DE ENTRADA SECUNDARIOS (KOHA) | |
| Fuente del sistema de clasificación o colocación | Clasificación Decimal Dewey |
| Tipo de ítem Koha | Libros |
| Suprimir en OPAC | No |
| Estatus retirado | Estado de pérdida | Fuente del sistema de clasificación o colocación | Estado de daño | No para préstamo | Colección | Biblioteca de origen | Biblioteca actual | Ubicación en estantería | Fecha de adquisición | Fuente de adquisición | Número de inventario | Total de préstamos | Signatura topográfica completa | Código de barras | Visto por última vez | Copia número | Precio de reemplazo | Tipo de ítem Koha |
|---|---|---|---|---|---|---|---|---|---|---|---|---|---|---|---|---|---|---|
| Clasificación Decimal Dewey | Ciencias Naturales y Matemáticas | Biblioteca Especializada de Ingenieria en Producción Empresarial | Biblioteca Especializada de Ingenieria en Producción Empresarial | FISICA | 21/11/2025 | Donación | BEIPE032D | 530/C512f | BEIPE032D | 21/11/2025 | Ej. 1 | 21/11/2025 | Libros |